000
00318nam a2200133Ia 4500
008
240624s9999 xx 000 0 und d
041
_a
eng
082
_a
006.74 BOX
100
_a
BOX DON
245
_a
ESSENTIAL XML BEYOND MARKUP
260
_c
2000
_a
New Delhi
_b
Pearson Education
300
_a
xviii, : 368
365
_c
RS
999
_c
855
_d
855